| 000 | 00768nam a22002657a 4500 | ||
|---|---|---|---|
| 003 | OSt | ||
| 005 | 20220107122732.0 | ||
| 008 | 140405b xxu||||| |||| 00| 0 eng d | ||
| 020 | _a9789350239193 | ||
| 040 | _cIIITM-K | ||
| 082 | _a005.432A MED/P | ||
| 100 |
_aMednieks, Zigurd et.al _93520 |
||
| 245 |
_aProgramming Android _cby Zigurd Mednieks; Laird Dornin; G Blake Meike; Masumi Nakamura |
||
| 250 | _a2nd ed. | ||
| 260 |
_aMumbai, _bO'reilly, _c2012. |
||
| 300 | _axvii, 542p. | ||
| 650 |
_aCOMPUTER SCIENCE _93521 |
||
| 650 |
_aMOBILE APPLICATIONS _93522 |
||
| 650 |
_aOPERATING SYSTEMS _93523 |
||
| 650 |
_aANDROID OS _93524 |
||
| 700 |
_aDornin, Laird _93525 |
||
| 700 |
_aMeike, G Blake _93526 |
||
| 700 |
_aNakamura, Masumi _93527 |
||
| 942 |
_2ddc _cBK |
||
| 999 |
_c3680 _d3680 |
||